| 000 | 01051cam a22002894a 4500 | ||
|---|---|---|---|
| 001 | 16178272 | ||
| 005 | 20141204103614.0 | ||
| 008 | 100408t2010 xxuako fr 001 0 eng d | ||
| 010 | _a2010278095 | ||
| 020 | _a9780071629423 (pbk.) | ||
| 020 | _a0071629424 (pbk.) | ||
| 040 |
_aUKM _cUKM _dBTCTA _dBWX _dYDXCP _dUPM _dAU@ _dQBX _dDLC _dEG-ScBUE |
||
| 082 | 0 | 0 |
_a005.7565 _222 _bPAS |
| 100 | 1 |
_aPassi, Anil _936799 |
|
| 245 | 1 | 0 |
_aOracle E-business suite development and extensibility handbook / _cAnil Passi, Vladimir Ajvaz. |
| 246 | 3 | _aOracle E-business suite development & extensibility handbook | |
| 260 |
_aNew York, United States : _bMcGraw-Hill / Osborne, _cc.2010. |
||
| 300 |
_axix, 484 p. : _bforms, photographs, tables ; _c23 cm. |
||
| 500 | _a"Oracle ; Oracle Press." | ||
| 500 | _a"Covers Release 12"--Cover. | ||
| 504 | _aIndex : p. 467-484. | ||
| 630 | 0 | 0 |
_aOracle E-business suite _936800 |
| 653 |
_bBUSADM _bCOMSCI _cDecember2014 |
||
| 655 |
_vreading book _934232 |
||
| 700 | 1 |
_aAjvaz, Vladimir _936801 |
|
| 942 |
_2ddc _k005.7565 PAS |
||
| 999 |
_c18720 _d18692 |
||